5 most alcoholic countries by continent. - Statistics

General Stats
  • This quiz has been taken 324 times
  • The average score is 14 of 30
Answer Stats
Europe Countries % Correct
15.1 Russia
90%
9.2 United States
88%
10.2 Canada
84%
12.2 Australia
80%
8.7 Brazil
76%
10.9 New Zealand
76%
9.3 Argentina
71%
11 South Africa
69%
9.6 Chile
66%
17.5 Belarus
60%
8.9 Venezuela
55%
12.3 South Korea
51%
8.8 Paraguay
50%
14.4 Romania
50%
10.1 Nigeria
48%
15.4 Lithuania
46%
16.8 Moldova
46%
3.6 Samoa
44%
7.9 Palau
37%
3.5 Nauru
36%
10.3 Kazakhstan
32%
7.7 Georgia
29%
10.8 Namibia
29%
8.5 Belize
27%
12.5 Grenada
21%
10.4 Saint Lucia
21%
9.8 Uganda
21%
7.3 Laos
18%
9.2 Cyprus
12%
10.9 Gabon
10%
No matching quizzes found
Score Distribution
Percent of People with Each Score
Percentile by Number Answered
Your Score History
You have not taken this quiz